Iglesia, estado y derechos humanos

Uloženo v:
Podrobná bibliografie
Hlavní autoři: Picó Rubio, Jorge del (autor), Blomeier, Hans (Autor)
Médium: Kniha
Jazyk:španělština
Vydáno: Santiago Fundación Konrad Adenauer 2001
Santiago Instituto Chileno de Estudios Humanísticos 2001
Vydání:1a. ed
Edice:Programa de Diálogo Interconfesional
Témata:
Tagy: Přidat tag
Žádné tagy, Buďte první, kdo vytvoří štítek k tomuto záznamu!

MARC

LEADER 00000cam a2200000 a 4500
001 UCC1081
003 CL-VaPUC
008 170922e20011000cl |||||||||||||||||spa|d
082 0 4 |a 261.7  |b PIC  |2 21 
100 |a Picó Rubio, Jorge del   |e autor  |9 894311 
700 0 |a Blomeier, Hans  |e author  |9 595126 
245 1 0 |a Iglesia, estado y derechos humanos 
250 |a 1a. ed 
300 |a 174 p 
942 |c BK 
945 |d 20170922 16:51:00  |a arojas 
260 |a Santiago  |b Fundación Konrad Adenauer  |c 2001 
260 |a Santiago  |b Instituto Chileno de Estudios Humanísticos  |c 2001 
650 0 |a Iglesia y Estado  |9 254995 
650 0 |a Iglesia Católica  |9 256114 
650 0 |a Derechos humanos  |9 223025 
583 |a last modification  |c 20170922 16:51:00  |k Rodrigo Vera 
490 0 |a Programa de Diálogo Interconfesional 
999 |c 369670  |d 369668 
952 |0 0  |1 0  |3 erb  |4 0  |6 261_700000000000000_PIC_2001_2001  |7 0  |8 X  |9 485603  |a FDOBUD  |b FDOBUD  |i 5425611  |o 261.7 PIC 2001 2001  |p 5425611  |r 2019-11-24  |w 2019-11-24  |y BK_X  |z Catalogado en:20170922  |k BUD